000
00205nam a2200097Ia 4500
008
120527s9999 xx 000 0 und d
100
_a
FATUBARIN, Ayo
245
_b
Genetics
260
_b
Decency
942
_c
BK
999
_c
7412
_d
7412